[Event "TCh-FRA Nat1 GpB"]
[Site "Montpellier FRA"]
[Date "2004.04.04"]
[Round "7"]
[White "Mancini,M"]
[Black "Guidarelli,L"]
[Result "0-1"]
[WhiteElo "2309"]
[BlackElo "2449"]
[EventDate "2004.01.30"]

1. Nf3 Nf6 2. g3 b5 3. Bg2 Bb7 4. d4 e6 5. O-O c5 6. a4 a6 7. axb5 axb5 8.
Rxa8 Bxa8 9. c4 bxc4 10. Qa4 Bc6 11. Qxc4 Qb6 12. Nc3 d5 13. dxc5 Bxc5 14.
Qh4 d4 15. Nb1 Nbd7 16. Na3 Bd5 17. Nc2 e5 18. Nd2 Bxg2 19. Kxg2 Qc6+ 20.
Kg1 O-O 21. Ne1 e4 22. Ng2 Re8 23. Nb3 Bb6 24. Qf4 Qc2 25. Nd2 Bc7 26. Qh4
Ba5 27. Qg5 Re5 0-1

[Event "TCh-FRA Nat1 GpB"]
[Site "Montpellier FRA"]
[Date "2004.04.04"]
[Round "7"]
[White "De la Riva Aguado,O"]
[Black "Froeyman,H"]
[Result "1/2-1/2"]
[WhiteElo "2549"]
[BlackElo "2308"]
[EventDate "2004.01.30"]

1. e4 e5 2. Nf3 Nc6 3. Nc3 Nf6 4. g3 d5 5. exd5 Nxd5 6. Bg2 Nxc3 7. bxc3
Bc5 8. O-O O-O 9. Re1 Qf6 10. d3 h6 11. Be3 Bb6 12. Nd2 Bf5 13. a4 Rfe8 14.
Qb1 Rad8 15. Qb5 Bd7 16. Qb2 Bg4 17. h3 Be6 18. Re2 Qg6 19. Rae1 f6 20. Nb3
Qh5 21. g4 Qf7 22. c4 Bxe3 23. Rxe3 Qf8 24. f4 Bd7 25. fxe5 Rxe5 26. Rxe5
1/2-1/2

[Event "TCh-FRA Nat1 GpB"]
[Site "Montpellier FRA"]
[Date "2004.04.04"]
[Round "7"]
[White "Gharamian,T"]
[Black "Lepelletier,B"]
[Result "1/2-1/2"]
[WhiteElo "2332"]
[BlackElo "2450"]
[EventDate "2004.01.30"]

1. e4 c5 2. Nf3 e6 3. d3 Nc6 4. g3 d5 5. Nbd2 Bd6 6. Bg2 Nge7 7. O-O O-O 8.
Nh4 Bc7 9. f4 b6 10. f5 dxe4 11. f6 gxf6 12. Nxe4 Qd4+ 13. Kh1 f5 14. Bh6
fxe4 15. c3 Qd8 16. Qg4+ Ng6 17. Nxg6 hxg6 18. Rxf7 Ne5 19. Rxf8+ Qxf8 20.
Qxe4 Qxh6 21. Qxa8 Qf8 22. d4 Nc4 23. Rf1 Qd8 24. Qe4 Qe8 25. Rf6 Kg7 26.
Rf2 cxd4 27. cxd4 b5 28. b3 Nb6 29. Rc2 Bb8 30. Re2 Qd7 31. Qg4 Qf7 32. Re1
e5 33. Qd1 Qd7 34. dxe5 1/2-1/2

[Event "TCh-FRA Nat1 GpB"]
[Site "Montpellier FRA"]
[Date "2004.04.04"]
[Round "7"]
[White "Guadalpi,D"]
[Black "Julve,P"]
[Result "1-0"]
[WhiteElo "2274"]
[BlackElo "2297"]
[EventDate "2004.01.30"]

1. e4 c5 2. Nf3 d6 3. Bb5+ Nd7 4. d4 cxd4 5. Qxd4 e5 6. Qd3 h6 7. O-O Ngf6
8. c4 Be7 9. Nc3 O-O 10. Bxd7 Bxd7 11. Rd1 Bc6 12. Nd2 a6 13. a4 b6 14. b3
Re8 15. Rb1 Bf8 16. Nf1 Re6 17. Ne3 g6 18. Ned5 Nd7 19. Qh3 h5 20. Be3 Rc8
21. Qg3 Kh7 22. Bg5 Qe8 23. Qh4 Bg7 24. Be3 f5 25. f3 Bh6 26. Bxh6 Kxh6 27.
exf5 gxf5 28. Ne3 Qg6 29. Ncd5 Qg5 30. Qxg5+ Kxg5 31. g3 f4 32. h4+ Kh6 33.
Nf5+ Kh7 34. Nfe7 Bxd5 35. Nxc8 Bxf3 36. Rxd6 Rxd6 37. Nxd6 fxg3 38. Rf1 e4
39. Nxe4 Bxe4 40. Rf7+ Kg6 41. Rxd7 Kf5 42. Rg7 Kf4 43. b4 Bd3 44. c5 bxc5
45. bxc5 Be4 46. a5 g2 47. Kf2 Bd5 48. Rg5 Bf3 49. Rg6 Be4 50. Rxa6 Kg4 51.
c6 Kh3 52. Kg1 Kxh4 53. c7 Bb7 54. Rb6 1-0

[Event "TCh-FRA Nat1 GpB"]
[Site "Montpellier FRA"]
[Date "2004.04.04"]
[Round "7"]
[White "Bouhallel,R"]
[Black "Simonet,M"]
[Result "1/2-1/2"]
[WhiteElo "2302"]
[BlackElo "2337"]
[EventDate "2004.01.30"]

1. d4 d5 2. Nf3 Nf6 3. c4 c6 4. e3 Bg4 5. Nbd2 e6 6. Be2 Nbd7 7. O-O Bd6 8.
b3 O-O 9. Bb2 h6 10. Qc2 Qe7 11. e4 dxe4 12. Nxe4 Nxe4 13. Qxe4 Bf5 14. Qe3
Ba3 15. Bc3 a5 16. Ne5 Rfd8 17. Bf3 Nxe5 18. Qxe5 Bd6 19. Qe3 Bb4 20. Bb2
Ba3 21. Bc3 a4 22. c5 b6 23. b4 bxc5 24. bxc5 Qb7 25. Rfd1 Bb4 26. Bxb4
Qxb4 27. Bxc6 Rac8 28. Bf3 Bc2 29. Rdc1 Bf5 30. g4 Bg6 31. Rd1 Bc2 32. Rdc1
Bg6 33. Rd1 Bc2 34. Rdc1 1/2-1/2

[Event "TCh-FRA Nat1 GpB"]
[Site "Montpellier FRA"]
[Date "2004.04.04"]
[Round "7"]
[White "Sakelsek,T"]
[Black "Schmitt,An"]
[Result "1/2-1/2"]
[WhiteElo "2374"]
[BlackElo "2267"]
[EventDate "2004.01.30"]

1. e4 c5 2. Nf3 Nc6 3. d4 cxd4 4. Nxd4 g6 5. c4 Bg7 6. Be3 Nf6 7. Nc3 d6 8.
Be2 O-O 9. O-O Re8 10. Qd2 Ng4 11. Bxg4 Bxg4 12. f3 Bd7 13. Rfd1 a6 14.
Rac1 Rc8 15. Nde2 Ne5 16. b3 Bc6 17. Nd4 Qa5 18. Rc2 e6 19. Qf2 b5 20. cxb5
axb5 21. Qd2 b4 22. Nxc6 Rxc6 23. Na4 Rec8 24. Rdc1 d5 25. Rxc6 Rxc6 26.
Rxc6 Nxc6 27. exd5 exd5 28. Bc5 d4 29. Qe2 Qd8 30. Nb2 Bf8 31. Bxf8 Kxf8
32. Qc4 Qd6 33. Nd3 Kg7 34. Kf1 Kf6 35. Qc5 Qxc5 36. Nxc5 Ke5 37. Ke2 h6
38. g3 Kd5 39. Nd3 g5 40. Kf2 f6 41. Ke2 f5 42. h3 Ke6 43. h4 Kd5 44. Kf2
1/2-1/2

[Event "TCh-FRA Nat1 GpB"]
[Site "Montpellier FRA"]
[Date "2004.04.04"]
[Round "7"]
[White "Vallet,M"]
[Black "Rouchouse,S"]
[Result "1/2-1/2"]
[WhiteElo "2226"]
[BlackElo "2187"]
[EventDate "2004.01.30"]

1. e4 c5 2. Nf3 e6 3. d3 d6 4. g3 Nc6 5. Bg2 g6 6. c3 e5 7. a4 Bg7 8. Na3
Nge7 9. Bg5 b6 10. O-O h6 11. Be3 O-O 12. Qd2 Kh7 13. d4 Bg4 14. d5 Nb8 15.
Ne1 f5 16. f3 Bh5 17. Nc4 Na6 18. Nd3 Nc7 19. f4 fxe4 20. Bxe4 Ncxd5 21.
Qg2 exf4 22. Bxf4 Nxf4 23. Nxf4 d5 24. Nxd5 Nxd5 25. Rxf8 Qxf8 26. Rf1 Qe8
27. Bxd5 Rd8 28. Bf7 Qe2 29. Qxe2 Bxe2 30. Re1 Bxc4 31. Bxc4 Rd2 32. Re2
Rd7 33. Bb5 Rd1+ 34. Kg2 Bf6 35. h4 Kg7 36. Bc4 Rd7 37. Bb5 Rd1 38. Bc4 Rd7
39. Kf3 Bd8 40. Re8 Bf6 41. Rg8+ Kh7 42. Ra8 Re7 43. Bd3 Kg7 44. Be4 Be5
45. Bd5 Rd7 46. Bc4 Re7 47. g4 Bf6 48. Rg8+ Kh7 49. h5 gxh5 50. gxh5 Bg5
51. Ra8 Re3+ 52. Kf2 Re7 53. Bd5 Kg7 1/2-1/2

[Event "TCh-FRA Nat1 GpB"]
[Site "Montpellier FRA"]
[Date "2004.04.04"]
[Round "7"]
[White "Mallet,L"]
[Black "Dewitte,C"]
[Result "1-0"]
[WhiteElo "2082"]
[BlackElo "2016"]
[EventDate "2004.01.30"]

1. e4 e6 2. d4 b6 3. Bd3 Bb7 4. Nf3 c5 5. Qe2 Nc6 6. c3 cxd4 7. Nxd4 Nxd4
8. cxd4 Rc8 9. O-O Qh4 10. Nd2 Ne7 11. Nf3 Qh5 12. Ba6 Bxa6 13. Qxa6 Qa5
14. Qxa5 bxa5 15. Bd2 Nc6 16. d5 Nb4 17. a3 Nd3 18. Bxa5 exd5 19. exd5 f6
20. Bc3 Bd6 21. Rad1 Nf4 22. Rfe1+ Kf7 23. g3 Ng6 24. Nd4 a6 25. Nf5 Bf8
26. d6 Ne5 27. Bxe5 fxe5 28. Rxe5 g6 29. Ne7 Rc2 30. b4 Rc3 31. a4 Rc4 32.
Rb1 Rd4 33. b5 axb5 34. axb5 Rxd6 35. Nc8 Re6 36. Rxe6 Kxe6 37. b6 Bg7 38.
b7 Be5 39. Re1 1-0

[Event "TCh-FRA Nat1 GpB"]
[Site "Montpellier FRA"]
[Date "2004.04.04"]
[Round "7"]
[White "Rotstein,A"]
[Black "Komarov,D"]
[Result "1/2-1/2"]
[WhiteElo "2519"]
[BlackElo "2566"]
[EventDate "2004.01.30"]

1. d4 Nf6 2. c4 e6 3. Nc3 Bb4 4. Qc2 c5 5. dxc5 O-O 6. Nf3 Na6 7. g3 Nxc5
8. Bg2 Nce4 9. O-O Nxc3 10. bxc3 Be7 11. Rd1 Qc7 1/2-1/2

[Event "TCh-FRA Nat1 GpB"]
[Site "Montpellier FRA"]
[Date "2004.04.04"]
[Round "7"]
[White "Legky,N"]
[Black "Marciano,D"]
[Result "1/2-1/2"]
[WhiteElo "2460"]
[BlackElo "2514"]
[EventDate "2004.01.30"]

1. d4 d5 2. c4 e6 3. Nc3 Be7 4. Nf3 Nf6 5. Bg5 O-O 6. e3 h6 7. Bxf6 Bxf6 8.
Rc1 c6 9. Bd3 dxc4 10. Bxc4 Nd7 11. O-O e5 12. Ne4 exd4 13. Nxf6+ Nxf6 14.
Qxd4 Bg4 15. Qxd8 Raxd8 16. Rfd1 Bxf3 17. gxf3 Rfe8 1/2-1/2

[Event "TCh-FRA Nat1 GpB"]
[Site "Montpellier FRA"]
[Date "2004.04.04"]
[Round "7"]
[White "Doornbos,Y"]
[Black "Kosten,A"]
[Result "0-1"]
[WhiteElo "2334"]
[BlackElo "2507"]
[EventDate "2004.01.30"]

1. d4 Nf6 2. c4 e6 3. Nc3 Bb4 4. e3 b6 5. Bd3 Bb7 6. Nf3 O-O 7. O-O d5 8.
a3 Bd6 9. Ne5 c5 10. Qc2 Nc6 11. f4 dxc4 12. Bxc4 cxd4 13. Nxc6 Bxc6 14.
exd4 Bxa3 15. Be3 Bd6 16. Rad1 Rc8 17. Ba2 Bd5 18. Qa4 Bxa2 19. Qxa2 Ng4
20. Bc1 Bb4 21. Rf3 Qd7 22. f5 Bxc3 23. bxc3 exf5 24. Rdf1 Rxc3 25. Ba3
Qxd4+ 26. Kh1 Qe5 27. Rf4 Rfc8 28. Bb2 0-1

[Event "TCh-FRA Nat1 GpB"]
[Site "Montpellier FRA"]
[Date "2004.04.04"]
[Round "7"]
[White "Bellaiche,A"]
[Black "Buchy,D"]
[Result "1-0"]
[WhiteElo "2474"]
[BlackElo "2191"]
[EventDate "2004.01.30"]

1. e4 c5 2. Nf3 g6 3. d4 cxd4 4. Nxd4 Bg7 5. c4 Nc6 6. Be3 Nf6 7. Nc3 Ng4
8. Qxg4 Nxd4 9. Qd1 e5 10. Bd3 O-O 11. O-O d6 12. a4 Be6 13. Nb5 a6 14.
Nxd4 exd4 15. Bf4 Rc8 16. Qb3 Qd7 17. a5 Rc5 18. Qa4 Qc7 19. Rfc1 Rc8 20.
b4 Rc6 21. c5 Be5 22. Bxe5 dxe5 23. Qc2 Qe7 24. Qd2 Qh4 25. g3 Qh5 26. f4
Bg4 27. Rf1 Rf6 28. fxe5 Qxe5 29. Rxf6 Qxf6 30. Qf4 Qxf4 31. gxf4 f6 32.
Rc1 Rc6 33. Rc4 g5 34. f5 Rc7 35. Rxd4 h5 36. Kg2 Re7 37. h3 Bd1 38. Bc4+
Kg7 39. Rxd1 Rxe4 40. Rd7+ 1-0

[Event "TCh-FRA Nat1 GpB"]
[Site "Montpellier FRA"]
[Date "2004.04.04"]
[Round "7"]
[White "Moracchini,F"]
[Black "Van Hoolandt,P"]
[Result "1/2-1/2"]
[WhiteElo "2284"]
[BlackElo "2262"]
[EventDate "2004.01.30"]

1. Nf3 Nf6 2. c4 e6 3. Nc3 Bb4 4. Qc2 O-O 5. a3 Bxc3 6. Qxc3 b6 7. e3 Bb7
8. b4 d6 9. Bb2 Nbd7 10. Be2 c5 11. d3 Qe7 12. b5 a6 13. a4 a5 14. O-O Rfe8
15. Rad1 Nf8 16. Nd2 e5 17. Nf3 1/2-1/2

[Event "TCh-FRA Nat1 GpB"]
[Site "Montpellier FRA"]
[Date "2004.04.04"]
[Round "7"]
[White "Godena,M"]
[Black "Gengler,P"]
[Result "1-0"]
[WhiteElo "2515"]
[BlackElo "2167"]
[EventDate "2004.01.30"]

1. e4 c5 2. Nf3 Nc6 3. c3 Nf6 4. e5 Nd5 5. d4 cxd4 6. cxd4 e6 7. Bc4 Be7 8.
O-O b6 9. Bxd5 exd5 10. Nc3 Ba6 11. Re1 Bb4 12. Bg5 Qc8 13. Rc1 Bxc3 14.
Rxc3 h6 15. Bf6 gxf6 16. exf6+ Kf8 17. Ne5 Qd8 18. Qg4 Rh7 19. Rg3 1-0

[Event "TCh-FRA Nat1 GpB"]
[Site "Montpellier FRA"]
[Date "2004.04.04"]
[Round "7"]
[White "Moret,V"]
[Black "Gozzoli,Y"]
[Result "1/2-1/2"]
[WhiteElo "2179"]
[BlackElo "2430"]
[EventDate "2004.01.30"]

1. Nf3 b6 2. g3 Bb7 3. Bg2 f5 4. O-O Nf6 5. c4 g6 6. Nc3 Bg7 7. d4 O-O 8.
Re1 Ne4 9. Nxe4 Bxe4 10. b3 c5 11. Bb2 Nc6 12. Qd2 Bxf3 13. Bxf3 Bxd4 14.
Bxd4 Nxd4 15. Bg2 Rf6 16. Bxa8 Qxa8 17. Rad1 Rd6 18. Qe3 Re6 19. Qd3 g5 20.
f3 f4 21. e4 fxg3 22. hxg3 Qf8 23. Kg2 Rf6 24. Re3 e5 25. Rf1 h5 26. Qd1
Qf7 27. Rd3 Qg6 28. Qe1 d6 29. Qe3 Kf8 30. Qc1 Ke7 31. Qe3 Rf7 32. Qe1 Qf6
33. Qd1 Qg6 34. Qe1 Kd7 35. Qe3 Kc7 36. Qe1 Ne6 37. Rd2 Rf6 38. Kh2 Nd4 39.
Kg2 Rf8 40. Qe3 a6 41. Qe1 g4 42. fxg4 Rxf1 43. Kxf1 Nf3 44. Qe3 Nxd2+ 45.
Qxd2 Qxe4 46. Qf2 hxg4 47. Qf7+ Kb8 48. Qe8+ Kc7 49. Qe7+ Kc6 50. Qe8+ Kc7
51. Qe7+ Kc6 52. Qe8+ 1/2-1/2

[Event "TCh-FRA Nat1 GpB"]
[Site "Montpellier FRA"]
[Date "2004.04.04"]
[Round "7"]
[White "Chabanon,JL"]
[Black "Jeitz,C"]
[Result "1/2-1/2"]
[WhiteElo "2449"]
[BlackElo "2139"]
[EventDate "2004.01.30"]

1. e4 c5 2. Nf3 Nc6 3. d4 cxd4 4. Nxd4 Nf6 5. Nc3 e6 6. Nxc6 bxc6 7. e5 Nd5
8. Ne4 Qc7 9. f4 Qb6 10. c4 Bb4+ 11. Ke2 f5 12. exf6 Nxf6 13. Be3 Qa5 14.
Nd6+ Ke7 15. Nxc8+ Raxc8 16. a3 Qh5+ 17. Kd3 Qf5+ 18. Ke2 Qh5+ 19. Kd3 Qf5+
1/2-1/2